| 000 | 01088nam a22003137ia4500 | ||
|---|---|---|---|
| 005 | 20210304223839.0 | ||
| 008 | 210304t20202020mnuo|||b |||| 00| 0 eng d | ||
| 020 |
_a9781644870235 _cRM116.80 _qhardback |
||
| 040 |
_aPPAK _beng _cPPAK _erda |
||
| 082 | 0 | 4 |
_223 _a612.751 |
| 090 | 0 | 0 |
_a612.751 _bPET _dK |
| 100 | 1 |
_aPettiford, Rebecca, _eauthor. |
|
| 245 | 1 | 4 |
_aThe Skeletal System / _cby Rebecca Pettiford ; Editor: Rebecca Sabelko ; Designer: Brittany McIntosh |
| 264 | 1 |
_aMinneapolis, MN : _bBellwether Media Inc., _c2020 |
|
| 264 | 4 | _c©2020 | |
| 300 |
_a24 pages : _bcolour photographs ; _c24 cm |
||
| 336 |
_2rdacontent _atext |
||
| 337 |
_2rdamedia _aunmediated |
||
| 338 |
_2rdacarrier _avolume |
||
| 490 | 1 |
_aBLASTOFF! READERS. YOUR BODY SYSTEMS _v3 |
|
| 500 | _aIncludes index. | ||
| 504 | _aBibliography: pages 23. | ||
| 521 |
_aAge: 5-8. _aK to grade 3. |
||
| 650 | 1 | 0 |
_aSkeleton _vJuvenile literature |
| 700 | 1 |
_aSabelko, Rebecca, _eeditor. |
|
| 700 | 1 |
_aMcIntosh, Brittany, _edesigner. |
|
| 830 | 0 |
_aBlastoff! Readers. Your body systems _n 32 |
|
| 942 |
_2ddc _cB |
||
| 999 |
_c182471 _d182471 |
||